000 00421nam a2200181Ia 4500
005 20250603150004.0
008 250603s9999 xx 000 0 und d
020 _a9781138717343
050 _aJZ 1308 .B56/
100 _aBjola, Corneliu
245 0 _aUnderstanding international diplomacy
260 _aNew York
260 _bRoutledge
260 _c2022
300 _a287 p
650 _aNew York
942 _cBK
999 _c43442
_d43442